| 000 | 01135nam a2200229 i 4500 | ||
|---|---|---|---|
| 001 | 41180 | ||
| 003 | ES-MaACL | ||
| 005 | 20250804063402.0 | ||
| 007 | t| | ||
| 008 | 030310s1896 sp |||| |cspa d | ||
| 100 | 1 |
_aCascales Muñoz, José, _d1865-1933 _936269 |
|
| 245 | 1 | 0 |
_aSevilla intelectual _b: sus escritos y artistas contemporáneos : setenta y cinco biografías de los mejores ingenios hispalenses, y un apéndice con estudios bibliográficos y críticos acerca de las obras de algunos más que no han sido biografiados / _cpor José Cascales Muñoz ; con un carta de Marcelino Menéndez y Pelayo. |
| 260 |
_aMadrid : _bLibrería de Victoriano Suárez, _c1896. |
||
| 300 |
_aXVI, 562 p. : _b1 retr. autor ; _c19 cm. |
||
| 530 | _aDisponible en formato digital. | ||
| 650 | 4 |
_aEscritores españoles- _zSevilla- _xBiografías. _9164336 |
|
| 650 | 4 |
_aArtistas- _zSevilla- _vBiografías. _9164337 |
|
| 700 | 1 |
_aMenéndez y Pelayo, Marcelino, _d1856-1912 _980332 |
|
| 852 |
_aES-MaACL _jF-8692 |
||
| 856 |
_uhttp://bdh-rd.bne.es/viewer.vm?id=0000245136&page=1 _zBiblioteca Digital Hispánica |
||
| 999 |
_c41180 _d41180 |
||